Normal view
MARC view
Entry Personal Name
001 - CONTROL NUMBER
- control field: 53036
003 - CONTROL NUMBER IDENTIFIER
- control field: OSt
005 - DATE AND TIME OF LATEST TRANSACTION
- control field: 20250514103552.0
008 - FIXED-LENGTH DATA ELEMENTS
- fixed length control field: 250514|| aca||aabn | a|a d
040 ## - CATALOGING SOURCE
- Original cataloging agency: OSt
- Transcribing agency: OSt
100 ## - HEADING--PERSONAL NAME
- Personal name: Gonalons-Pons, Pilar and Marinescu, Ioana
670 ## - SOURCE DATA FOUND
- Source citation: Work cat.: (OSt): Gonalons-Pons, Pilar and Marinescu, Ioana , Care labor and family income inequality: How childcare costs exacerbate inequality among U.S. families
